History Quiz

Random History or Clickable Quiz

History Books: The Subtitles V Quiz Stats

 Plays Quiz Updated Oct 1, 2019

Score 0/15 Timer 04:00
6 Plays Today
% Correct
Havana Nocturne
93.8%
Gold Diggers
93.7%
Protestants
93.2%
The Ascent of Money
92.8%
Sapiens
92.7%
The Bad-Ass Librarians of Timbuktu
92.5%
The Last Legionary
88.4%
The Empire of the Steppes
88.4%
% Correct
A Spy Among Friends
86.7%
The Black Count
84.5%
The Looming Tower
84.2%
Quackery
81.7%
The Fatal Shore
76.4%
There Are No Dead Here
70.7%
The Swerve
61.5%

You're not logged in!

Compare scores with friends on all Sporcle quizzes.
OR
Log In

Sporcle TV

Today on Sporcle TV


Watch our educational content, quiz creation guides, and fun videos on Sporcle TV.

Show Comments

Extras

Top Quizzes Today


Score Distribution

Your Account Isn't Verified!

In order to create a playlist on Sporcle, you need to verify the email address you used during registration. Go to your Sporcle Settings to finish the process.

Report this User

Report this user for behavior that violates our Community Guidelines.

Details: